[Event "ACL-A027"]
[Site "www.playchess.de"]
[Date "2001.04.02"]
[Round "14"]
[White "Peco"]
[Black "Radost"]
[WhiteElo "1500"]
[BlackElo "1500"]
[PlyCount "107"]
[Result "1/2-1/2"]

1.d4 Nf6 2.c4 e6 3.Nf3 b6 4.Nc3 Bb4 5.Qb3 a5 6.g3 
Bb7 7.Bg2 Ne4 8.O-O Bxc3 9.bxc3 O-O 10.Rb1 Ra7 
11.Ne5 d6 12.Nd3 Nd7 13.f3 Nef6 14.e4 e5 15.Bh3 a4 
16.Qc2 Re8 17.Be3 Qa8 18.Nb4 a3 19.Rfd1 Ra5 20.Nd5 
Nxd5 21.cxd5 Qd8 22.Rb3 Qe7 23.Rdb1 Rea8 24.Bxd7 
Qxd7 25.dxe5 dxe5 26.c4 Bc8 27.c5 bxc5 28.Bxc5 
R5a6 29.Qc3 f6 30.Rd1 c6 31.d6 R6a5 32.Rxa3 R5xa3 
33.Bxa3 Ba6 34.Bc5 Bb5 35.a3 Ra4 36.Qb3+ Kh8 
37.Qb2 Ra8 38.Rd2 Ra4 39.Be3 Kg8 40.Rd1 h6 41.Kg2 
Kh7 42.Bc5 Rc4 43.Bg1 Kh8 44.h3 Kh7 45.Be3 Kh8 
46.g4 Kh7 47.Kg3 Kh8 48.h4 Kh7 49.g5 h5 50.gxf6 
gxf6 51.Kg2 Ba6 52.Qb8 Bc8 53.Qa7 Kg6 
54.Qxd7 1/2-1/2

[Event "ACL-A027"]
[Site "www.playchess.de"]
[Date "2001.04.02"]
[Round "15"]
[White "tiberiuskirk"]
[Black "Peco"]
[WhiteElo "1500"]
[BlackElo "1500"]
[PlyCount "24"]
[Result "0-1"]

1.e4 c5 2.Nf3 Nc6 3.d4 cxd4 4.Nxd4 Nf6 5.Nc3 e6 
6.Bg5 Bb4 7.f4 Qb6 8.Bxf6 gxf6 9.Ndb5 a6 10.a3 Bc5 
11.Nd6+ Bxd6 12.Qxd6 Qxb2 0-1

[Event "ACL-A027"]
[Site "www.playchess.de"]
[Date "2001.04.02"]
[Round "16"]
[White "Nunogomez"]
[Black "satura"]
[WhiteElo "1500"]
[BlackElo "1500"]
[PlyCount "36"]
[Result "0-1"]

1.e4 e6 2.d4 d5 3.Nc3 Nf6 4.Bg5 Bb4 5.e5 h6 6.Bxf6 
gxf6 7.exf6 Qxf6 8.Nf3 c5 9.a3 cxd4 10.Nxd4 Bxc3+ 
11.bxc3 Nc6 12.Bb5 Bd7 13.O-O O-O 14.a4 Kh8 15.c4 
Qxd4 16.Qxd4+ Nxd4 17.Bxd7 Rfd8 18.c3 
Ne2+ 0-1

[Event "ACL-A027"]
[Site "www.playchess.de"]
[Date "2001.04.02"]
[Round "17"]
[White "Richiewitty"]
[Black "Nunogomez"]
[WhiteElo "1500"]
[BlackElo "1500"]
[PlyCount "22"]
[Result "0-1"]

1.e4 e5 2.c3 d5 3.c4 dxc4 4.Qa4+ Qd7 5.Qxd7+ Bxd7 
6.Bxc4 b5 7.Bd3 Bc6 8.Nf3 Nf6 9.Nxe5 Bxe4 10.Bxb5+ 
c6 11.Bc4 Nd5 0-1

[Event "ACL-A027"]
[Site "www.playchess.de"]
[Date "2001.04.02"]
[Round "18"]
[White "Nunogomez"]
[Black "MarkusSSG"]
[WhiteElo "1500"]
[BlackElo "1500"]
[PlyCount "47"]
[Result "0-1"]

1.e4 e6 2.d4 d5 3.Nd2 Be7 4.Ngf3 Nf6 5.e5 Ne4 
6.Bd3 f5 7.exf6 e.p 8.Nxf6 Ne5 9.O-O Ndf3 10.Nbd7 
Ng5 11.Qe8 Nxe6 12.Nxe5 dxe5 13.Bb4+ c3 14.Qxe6 
cxb4 15.Qxe5+ Be2 16.Re8 Be3 17.Qxb2 O-O 18.Qxb4 
Rb1 19.Qe7 Re1 20.c6 Bg5 21.Bf5 Rb3 22.b6 Re3 
23.Qd6 Rxe8+ 24.Rxe8 0-1

[Event "ACL-A027"]
[Site "www.playchess.de"]
[Date "2001.04.02"]
[Round "19"]
[White "Radost"]
[Black "Nunogomez"]
[WhiteElo "1500"]
[BlackElo "1500"]
[PlyCount "21"]
[Result "1-0"]

1.e4 c6 2.d4 d5 3.Nc3 Nf6 4.e5 Ne4 5.Nxe4 dxe4 
6.Ne2 e6 7.Ng3 Be7 8.Nxe4 O-O 9.Bd3 Qxd4 10.Nf6+ 
Bxf6 11.Bxh7+ 1-0

[Event "ACL-A027"]
[Site "www.playchess.de"]
[Date "2001.04.02"]
[Round "20"]
[White "Nunogomez"]
[Black "tiberiuskirk"]
[WhiteElo "1500"]
[BlackElo "1500"]
[PlyCount "58"]
[Result "0-1"]

1.Nf3 Nc6 2.d4 d5 3.Nc3 Nf6 4.Ne5 e6 5.Nxc6 bxc6 
6.Bg5 Bb4 7.e3 h6 8.a3 Bxc3+ 9.bxc3 hxg5 10.Bd3 
Qd6 11.O-O c5 12.g3 e5 13.Re1 O-O 14.dxe5 Qc6 
15.exf6 Qxf6 16.Qh5 Qh6 17.Qxh6 gxh6 18.c4 c6 
19.c3 Ba6 20.Bc2 Bxc4 21.Rab1 Rab8 22.Rxb8 Rxb8 
23.Rb1 Rb6 24.Kg2 Ba2 25.Rxb6 axb6 26.Kf3 Bc4 
27.Kg4 Kg7 28.Kf5 f6 29.Kg4 Be2+ 0-1

[Event "ACL-A027"]
[Site "www.playchess.de"]
[Date "2001.04.02"]
[Round "21"]
[White "Peco"]
[Black "Nunogomez"]
[WhiteElo "1500"]
[BlackElo "1500"]
[PlyCount "35"]
[Result "1-0"]

1.d4 Nf6 2.c4 e6 3.Nc3 Bb4 4.e3 d5 5.a3 Be7 6.Nf3 
O-O 7.Bd3 Nc6 8.O-O Bd7 9.b3 a6 10.e4 b5 11.cxd5 
exd5 12.e5 Ng4 13.h3 Nh6 14.Bxh6 gxh6 15.Qc1 Bg5 
16.Nxg5 Qxg5 17.Nxd5 Qxc1 18.Nf6+ 1-0

[Event "ACL-A027"]
[Site "www.playchess.de"]
[Date "2001.04.02"]
[Round "22"]
[White "satura"]
[Black "nadavies_uk"]
[WhiteElo "1500"]
[BlackElo "1373"]
[PlyCount "51"]
[Result "1-0"]

1.c4 e5 2.Nc3 Nf6 3.g3 d5 4.cxd5 Nxd5 5.Bg2 Nb6 
6.Nf3 Nc6 7.O-O Bc5 8.a3 O-O 9.b4 Bd4 10.e3 Bxc3 
11.dxc3 Qxd1 12.Rxd1 Bg4 13.h3 Bh5 14.g4 Bg6 15.b5 
Na5 16.Nxe5 Bc2 17.Re1 Na4 18.c4 Bb3 19.Bd2 Nxc4 
20.Nxc4 Bxc4 21.Rec1 Bxb5 22.Bxb7 Rab8 23.Rxc7 Nb6 
24.Rac1 h6 25.Bc3 Nd5 26.Bxd5 1-0

[Event "ACL-A027"]
[Site "www.playchess.de"]
[Date "2001.04.02"]
[Round "24"]
[White "MarkusSSG"]
[Black "nadavies_uk"]
[WhiteElo "1500"]
[BlackElo "1373"]
[PlyCount "50"]
[Result "0-1"]

1.d4 d5 2.Bf4 Bf5 3.Nf3 e6 4.e3 Bd6 5.Bg3 Nf6 
6.Nbd2 O-O 7.Ne5 c5 8.c3 cxd4 9.exd4 Nbd7 10.Nxf7 
Rxf7 11.Bxd6 Qb6 12.Ba3 Re8 13.Be2 e5 14.dxe5 Rxe5 
15.O-O Rfe7 16.Bxe7 Rxe7 17.Bf3 Qxb2 18.Nb3 Nb6 
19.Qd2 Nc4 20.Bxd5+ Nxd5 21.Qxd5+ Be6 22.Qd8+ Kf7 
23.Rfe1 Rd7 24.Qc8 Na3 25.Rxe6 
Qxa1+ 0-1

[Event "ACL-A027"]
[Site "www.playchess.de"]
[Date "2001.04.02"]
[Round "25"]
[White "nadavies_uk"]
[Black "Radost"]
[WhiteElo "1373"]
[BlackElo "1500"]
[PlyCount "34"]
[Result "0-1"]

1.e4 c5 2.Nf3 d6 3.d4 cxd4 4.Nxd4 Nf6 5.Nc3 a6 
6.Bf4 e5 7.Bxe5 dxe5 8.Nf3 Qa5 9.Qd2 Bb4 10.Bd3 
Bg4 11.Nxe5 Qxe5 12.f4 Qc5 13.a3 Bxc3 14.bxc3 Nc6 
15.e5 Nd5 16.Be4 Rd8 17.Qf2 Qxc3+ 0-1

[Event "ACL-A027"]
[Site "www.playchess.de"]
[Date "2001.04.02"]
[Round "26"]
[White "tiberiuskirk"]
[Black "nadavies_uk"]
[WhiteElo "1500"]
[BlackElo "1373"]
[PlyCount "61"]
[Result "1-0"]

1.e4 d6 2.d4 Nf6 3.Nc3 Nbd7 4.Be3 e5 5.d5 Be7 
6.Qd2 O-O 7.Be2 Nc5 8.h4 h6 9.f3 b6 10.g4 h5 
11.Nh3 Ncd7 12.g5 Nh7 13.f4 g6 14.O-O-O Rb8 15.f5 
a5 16.f6 Bxf6 17.gxf6 Nhxf6 18.Bg5 Bb7 19.Bxf6 
Nxf6 20.Qh6 Nh7 21.Rhg1 Qf6 22.Qxh5 Kg7 23.Qg4 Bc8 
24.Rdf1 Bxg4 25.Rxf6 Nxf6 26.Bxg4 Nxg4 27.Rxg4 f6 
28.h5 Rfh8 29.Rxg6+ Kf7 30.Ng1 Rxh5 
31.Rg3 1-0

[Event "ACL-A027"]
[Site "www.playchess.de"]
[Date "2001.04.02"]
[Round "27"]
[White "nadavies_uk"]
[Black "Peco"]
[WhiteElo "1373"]
[BlackElo "1500"]
[PlyCount "24"]
[Result "0-1"]

1.c4 e5 2.Nc3 Nf6 3.Nf3 Nc6 4.g3 Bb4 5.Bg2 O-O 
6.O-O e4 7.Ng5 Bxc3 8.bxc3 Re8 9.d3 exd3 10.Qxd3 
Qe7 11.Be4 Nxe4 12.f3 Nxg5 0-1

[Event "ACL-A027"]
[Site "www.playchess.de"]
[Date "2001.04.02"]
[Round "28"]
[White "Nunogomez"]
[Black "nadavies_uk"]
[WhiteElo "1500"]
[BlackElo "1373"]
[PlyCount "47"]
[Result "1/2-1/2"]

1.d4 d5 2.c4 e6 3.Nc3 Nc6 4.Nf3 Bb4 5.e3 Nf6 6.Bd2 
O-O 7.a3 Bxc3 8.Bxc3 Ne4 9.Bd3 Nxc3 10.bxc3 dxc4 
11.Bxc4 Bd7 12.Bd3 Rb8 13.O-O Qe7 14.Qc2 f5 15.e4 
Qf6 16.e5 Qe7 17.c4 b6 18.d5 exd5 19.cxd5 Nxe5 
20.Rfe1 Qd6 21.Nxe5 Be8 22.Bxf5 Qxd5 23.Rad1 Qb7 
24.Nc4 1/2-1/2

[Event "HCL-A064"]
[Site "www.playchess.de"]
[Date "2001.04.03"]
[Round "18"]
[White "tim_danieli"]
[Black "minkin72"]
[WhiteElo "1761"]
[BlackElo "2022"]
[PlyCount "38"]
[Result "0-1"]

1.e4 c5 2.Nc3 Nc6 3.Nf3 e6 4.d4 cxd4 5.Nxd4 a6 
6.Bc4 Qc7 7.Be3 b5 8.Bb3 Bb7 9.Nde2 Nf6 10.O-O b4 
11.Na4 Nxe4 12.f3 Nf6 13.Bb6 Qe5 14.Re1 Be7 15.Ng3 
Qb5 16.Qd2 d5 17.Rac1 Nd7 18.Bd4 Nxd4 19.Qxd4 
Bf6 0-1

[Event "HCL-B123"]
[Site "www.playchess.de"]
[Date "2001.04.03"]
[Round "7"]
[White "raimacs"]
[Black "JayKay"]
[WhiteElo "1459"]
[BlackElo "1735"]
[PlyCount "59"]
[Result "1-0"]

1.e4 c5 2.Nf3 e6 3.d4 cxd4 4.Nxd4 Nc6 5.Nc3 Bb4 
6.Nxc6 Bxc3+ 7.bxc3 bxc6 8.Qd6 Nf6 9.Bd3 Qb6 
10.Ba3 c5 11.Bxc5 Qxd6 12.Bxd6 Bb7 13.f3 a5 14.Rb1 
Bc6 15.O-O h5 16.Rb6 Rc8 17.Rfb1 Nxe4 18.Bxe4 f5 
19.Bxc6 dxc6 20.R6b7 Rd8 21.Re7+ Kf8 22.Rd7+ Ke8 
23.Rxd8+ Kxd8 24.Rb8+ Kd7 25.Rxh8 Kxd6 26.Rxh5 Ke7 
27.Kf2 c5 28.Rh8 Kd7 29.Rh7 Kc6 
30.Rxg7 1-0

[Event "HCL-B123"]
[Site "www.playchess.de"]
[Date "2001.04.03"]
[Round "8"]
[White "JAZZOW"]
[Black "raimacs"]
[WhiteElo "1200"]
[BlackElo "1459"]
[PlyCount "72"]
[Result "0-1"]

1.d4 d5 2.c4 dxc4 3.Qa4+ Nc6 4.e3 Bd7 5.Qxc4 Nf6 
6.Nf3 e6 7.Be2 Bd6 8.O-O O-O 9.Nc3 a6 10.a4 Na5 
11.Qd3 Nb3 12.Ra2 c5 13.Ne4 Nxe4 14.Qxb3 Bc6 
15.Rd1 cxd4 16.Rxd4 Bd5 17.Bc4 Rc8 18.Ra1 {How old 
were you when you learned to play chess ? I was 5 
and learned it from my father.}  Bxh2+ 19.Kf1 Rxc4 
20.Rxc4 Nc5 21.Qc2 Bxc4+ {back to the game}  
22.Qxc4 Qd1+ 23.Ne1 Bd6 24.Qe2 Qxe2+ 25.Kxe2 Nb3 
26.Rb1 Rc8 27.Bd2 Be5 28.Nf3 Bf6 29.e4 Rc4 30.e5 
Be7 31.a5 Nxd2 32.Kxd2 Bb4+ 33.Kd3 Rc5 34.Ke3 Bxa5 
35.b4 Rb5 36.Rc1 Bxb4 0-1

[Event "HCL-B135"]
[Site "www.playchess.de"]
[Date "2001.04.03"]
[Round "26"]
[White "Tony"]
[Black "Sturk"]
[WhiteElo "1500"]
[BlackElo "1635"]
[PlyCount "65"]
[Result "1-0"]

1.d4 d5 2.Nf3 Nc6 3.e3 Bg4 4.Bb5 e6 5.Nbd2 Bd6 
6.c4 Nf6 7.Qa4 Qd7 8.c5 Be7 9.Ne5 Qd8 10.Nxc6 bxc6 
11.Bxc6+ Nd7 12.Bxa8 Qxa8 13.f4 h6 14.O-O c6 
15.Nf3 O-O 16.Ne5 Nxe5 17.fxe5 f6 18.exf6 Bxf6 
19.Bd2 Qb7 20.b4 Be2 21.Rf2 Bb5 22.Qc2 Qc7 23.a4 
Bc4 24.Be1 a6 25.Rf3 Qa7 26.Bg3 Qb7 27.Rb1 Qa7 
28.Bd6 Rf7 29.Qg6 Qa8 30.Rb2 Qb7 31.Be5 Bg5 
32.Rbf2 Bf6 33.R3xf6 1-0

[Event "HCL-C137"]
[Site "www.playchess.de"]
[Date "2001.04.03"]
[Round "1"]
[White "sonnygarcia"]
[Black "mossy"]
[WhiteElo "1085"]
[BlackElo "1000"]
[PlyCount "59"]
[Result "1-0"]

1.e4 e5 2.Nf3 Nc6 3.Bc4 f6 4.Nc3 b6 5.d4 Bb7 6.O-O 
Nge7 7.dxe5 fxe5 8.Bg5 h6 9.Bh4 g5 10.Bg3 Ng6 
11.Qd5 Qf6 12.Rfd1 O-O-O 13.a4 Nd4 14.Qf7 Nxf3+ 
15.gxf3 Qxf7 16.Bxf7 Nf4 17.a5 Bc5 18.axb6 axb6 
19.Bxf4 exf4 20.Bd5 c6 21.Bf7 h5 22.Na4 g4 23.Nxc5 
bxc5 24.Kg2 d5 25.exd5 cxd5 26.fxg4 f3+ 27.Kxf3 
d4+ 28.Kg3 h4+ 29.Kh3 Rdf8 30.Be6+ 1-0

[Event "HCL-C142"]
[Site "www.playchess.de"]
[Date "2001.04.03"]
[Round "31"]
[White "lulu"]
[Black "Rengar"]
[WhiteElo "1297"]
[BlackElo "1047"]
[PlyCount "32"]
[Result "0-1"]

1.e4 c5 2.c3 d6 3.Nf3 Nc6 4.d4 cxd4 5.cxd4 e6 
6.Nc3 Be7 7.Bc4 a6 8.O-O b5 9.Bb3 Bb7 10.Re1 Qd7 
11.d5 Nb4 12.a3 Nxd5 13.exd5 e5 14.Ba2 Nf6 15.Nd2 
O-O 16.Qc2 Rac8 0-1

[Event "HCL-E018"]
[Site "www.playchess.de"]
[Date "2001.04.03"]
[Round "16"]
[White "Hertie"]
[Black "Brrrr"]
[WhiteElo "2158"]
[BlackElo "1806"]
[PlyCount "47"]
[Result "1/2-1/2"]

1.e4 c5 2.Nf3 d6 {Happy New Year! :-)}  3.d4 {U 2} 
 cxd4 4.Nxd4 Nf6 5.Nc3 a6 6.Be2 e5 7.Nb3 Be7 8.O-O 
O-O 9.Be3 Be6 10.f4 exf4 11.Bxf4 Nc6 12.Bf3 Ne5 
13.Nd5 Bxd5 14.exd5 Qb6+ 15.Kh1 Qb4 16.Bxe5 dxe5 
17.c3 Qb5 18.Re1 Bd6 19.Nd2 Rad8 20.Qb3 Qxb3 
21.axb3 Rfe8 22.Rad1 h5 23.Re2 Kf8 
24.Ne4 1/2-1/2

[Event "ACL-A075"]
[Site "www.playchess.de"]
[Date "2001.04.03"]
[Round "2"]
[White "Allesnehmer"]
[Black "Sunny"]
[WhiteElo "1500"]
[BlackElo "1500"]
[PlyCount "77"]
[Result "1-0"]

1.e4 d6 2.d4 Nf6 3.Nc3 g6 4.Be3 c6 5.f3 Bg7 6.Qd2 
b5 7.g4 b4 8.Nce2 Qa5 9.Nc1 Nfd7 10.a3 h6 11.Nb3 
Qd8 12.axb4 e6 13.Bd3 Qe7 14.Ne2 Qd8 15.Nc3 Bb7 
16.O-O a6 17.Ra5 g5 18.Rfa1 Qc8 19.b5 cxb5 20.Nxb5 
Bf8 21.Qc3 Qxc3 22.Nxc3 Be7 23.Nb5 Kd8 24.Nc3 Rg8 
25.d5 e5 26.R5a3 Bc8 27.Na5 Ke8 28.Nc6 Rg6 29.Na7 
Kd8 30.Nxc8 Kxc8 31.Bxa6+ Nxa6 32.R3xa6 Rxa6 
33.Rxa6 Nc5 34.Ra8+ Kb7 35.Re8 Bf6 36.Nb5 Bg7 
37.Kf2 Kb6 38.Rb8+ Ka5 39.Nc7 1-0

[Event "HCL-C152"]
[Site "www.playchess.de"]
[Date "2001.04.03"]
[Round "9"]
[White "Buziness"]
[Black "sonnyspock"]
[WhiteElo "1001"]
[BlackElo "1193"]
[PlyCount "34"]
[Result "0-1"]

1.e4 e6 2.d4 d5 3.e5 c5 4.Bb5+ Bd7 5.Nc3 cxd4 
6.Qxd4 Bxb5 7.Nxb5 Nc6 8.Qa4 Qb6 9.Be3 Qd8 10.Nxa7 
Qd7 11.Qf4 Nxa7 12.O-O-O Nc6 13.a3 Nge7 14.c4 Rd8 
15.Nf3 Ng6 16.Qg5 Be7 17.Qg3 O-O 0-1

[Event "ACL-A079"]
[Site "www.playchess.de"]
[Date "2001.04.03"]
[Round "1"]
[White "Buziness"]
[Black "guerino"]
[WhiteElo "1500"]
[BlackElo "1500"]
[PlyCount "38"]
[Result "0-1"]

1.e4 e6 2.d3 d5 3.e5 c5 4.d4 Nc6 5.Nf3 Qb6 6.Be3 
cxd4 7.Nxd4 Nxd4 8.Bxd4 Qc6 9.Nc3 a6 10.b3 Bb4 
11.Qf3 Ne7 12.a3 Ba5 13.b4 Bc7 14.b5 Qd7 15.g3 O-O 
16.Na4 Nf5 17.O-O-O axb5 18.Bc5 Rd8 19.Nb6 
Bxb6 0-1

[Event "ACL-A078"]
[Site "www.playchess.de"]
[Date "2001.04.03"]
[Round "30"]
[White "Buziness"]
[Black "Tony"]
[WhiteElo "1500"]
[BlackElo "1881"]
[PlyCount "40"]
[Result "0-1"]

1.e4 d6 {Have nice game!!}  2.Qf3 Nf6 3.Nh3 e5 
4.Bb5+ c6 5.Bc4 Bxh3 6.Bxf7+ Kxf7 7.Qb3+ Be6 
8.Qxb7+ Nbd7 9.Qxc6 Rc8 10.Qb7 Qc7 11.Qb4 d5 
12.Qa4 d4 13.d3 Nc5 14.Qb5 Rb8 15.Na3 Rxb5 16.Nxb5 
Qa5+ 17.Bd2 Qxb5 18.O-O Qxb2 19.Rfb1 Qxc2 20.Bb4 
Nxd3 0-1

[Event "HCL-B157"]
[Site "www.playchess.de"]
[Date "2001.04.03"]
[Round "10"]
[White "PieceSeeker"]
[Black "JayKay"]
[WhiteElo "1337"]
[BlackElo "1688"]
[PlyCount "50"]
[Result "0-1"]

1.e4 {Good luck!}  c5 {Good luck also to you!}  
2.Nf3 d6 3.Bc4 Nf6 4.Ng5 e6 5.d4 h6 6.Nf3 Nxe4 
7.d5 e5 8.Qe2 Nf6 9.Nc3 Be7 10.Ne4 O-O 11.Nxf6+ 
Bxf6 12.Qe4 Be7 13.O-O Nd7 14.Bxh6 gxh6 15.Qg4+ 
Kh8 16.Qh5 Bg5 17.Nxg5 Qxg5 18.Qf3 Nb6 19.Bd3 Bg4 
20.Qg3 Nxd5 21.h3 Be6 22.Rae1 Nb4 23.Re4 Rfg8 
24.Rh4 Qf6 25.Qe3 Qxh4 0-1

[Event "HCL-B163"]
[Site "www.playchess.de"]
[Date "2001.04.03"]
[Round "1"]
[White "teegran"]
[Black "rikkirich"]
[WhiteElo "1500"]
[BlackElo "1417"]
[PlyCount "21"]
[Result "1-0"]

1.d4 {Good game !!}  d5 2.c4 e6 3.Nc3 Bb4 4.Qb3 
Nc6 5.Nf3 Nf6 6.Bg5 Be7 7.e3 O-O 8.Bxf6 Bxf6 
9.cxd5 exd5 10.Nxd5 a6 11.Nxf6+ {how do I have to 
call you ? rikkilulu or lulurich ?} 
 1-0

[Event "HCL-B163"]
[Site "www.playchess.de"]
[Date "2001.04.03"]
[Round "7"]
[White "lulu"]
[Black "teegran"]
[WhiteElo "1308"]
[BlackElo "1500"]
[PlyCount "20"]
[Result "0-1"]

1.e4 e5 2.Nf3 Nc6 3.Bc4 Bc5 4.a3 Nf6 5.d3 d6 6.Nc3 
Bg4 7.h3 Bh5 8.g4 Bg6 9.Bg5 h5 10.Nh4 
hxg4 0-1

[Event "HCL-B163"]
[Site "www.playchess.de"]
[Date "2001.04.03"]
[Round "9"]
[White "lulu"]
[Black "Christopher"]
[WhiteElo "1308"]
[BlackElo "1117"]
[PlyCount "24"]
[Result "0-1"]

1.e4 e5 2.Nf3 Nf6 3.Nc3 Bb4 4.Bd3 Bxc3 5.dxc3 Nc6 
6.O-O d5 7.Bg5 dxe4 8.Bxf6 Qxf6 9.Bxe4 O-O 10.Bxc6 
bxc6 11.h3 Bf5 12.Re1 Rad8 0-1

[Event "HCL-A072"]
[Site "www.playchess.de"]
[Date "2001.04.03"]
[Round "14"]
[White "teenspirit"]
[Black "JOPE"]
[WhiteElo "1762"]
[BlackElo "1377"]
[PlyCount "55"]
[Result "1-0"]

1.e4 {Hi Jope}  c5 {Greetings from Stockholm, 
Sweden!}  2.Nf3 {Greetings from Barcelona my 
friend!}  d6 3.Bb5+ {Let's try Rossolimo, I've 
seen u play usual Sicilian really fine!}  Nd7 
{Rossolimo for the first time, ain't it known to 
be drawish?}  4.a4 {well, ask Garry around that 
after playing Ivanchuk... It could be an agressive 
weapon.}  Ngf6 5.Nc3 a6 6.Bc4 b6 7.O-O e6 8.Re1 
Be7 9.d4 O-O 10.e5 Ne8 11.d5 {Dont know if it's 
ok... but it's so beatiful!}  Nxe5 {agreed, some 
moves suggest themself :)}  12.Nxe5 dxe5 13.dxe6 
Qxd1 14.exf7+ Kh8 15.Nxd1 {Intermezzo ;)}  Nd6 
16.Bd5 Ra7 17.Rxe5 Bf6 18.Re2 Nxf7 19.Bf4 Bf5 
20.Ra3 Rd7 21.c4 Nd8 22.Rb3 Bg4 23.f3 Bd4+ 24.Be3 
Be6 25.Bxd4 Bxd5 26.cxd5 cxd4 27.Rxb6 Rxd5 
28.Rxa6 1-0

[Event "HCL-A072"]
[Site "www.playchess.de"]
[Date "2001.04.03"]
[Round "27"]
[White "Flemming"]
[Black "teenspirit"]
[WhiteElo "1350"]
[BlackElo "1762"]
[PlyCount "59"]
[Result "1-0"]

1.d4 {Hi Mr. Blitz - we meet again!}  f5 {Hi 
again! Here we go again... good luck!}  2.Nc3 Nf6 
3.Bg5 d5 4.Bxf6 exf6 {So u play those boooring 
lines ... :p}  5.Nh3 {Never played any of these 
"lines" before. Have to rely on common sense :-)}  
Be6 6.e3 Qd7 {Well... I never played dutch defense 
before!}  7.Be2 Bd6 8.Nf4 Bxf4 9.exf4 {I'm going 
on a conference from tomorrow until Feb 18, so 
I'll not make any moves after today.}  Nc6 {Ok 
dont worry around that. Good luck there.}  10.Bf3 
{Bye for now!}  O-O-O 11.Qd2 Rhe8 {Did u have 
fun?}  12.O-O-O {It was OK - expensive but 
educational. And a pretty nice weather too.}  g6 
{That's nice}  13.h4 Qg7 14.Rh3 g5 15.hxg5 fxg5 
16.fxg5 f4 17.Rh4 Qxg5 18.Rxh7 Bg4 19.Rdh1 Bxf3 
20.gxf3 Qf6 21.Nb5 Re7 22.Rxe7 Qxe7 23.Qxf4 Rf8 
24.Qe3 Qxe3+ 25.fxe3 Rxf3 26.Rh8+ Kd7 27.Rh7+ Ne7 
28.Nxc7 Kxc7 29.Rxe7+ Kc6 30.Kd2 1-0

[Event "HCL-A074"]
[Site "www.playchess.de"]
[Date "2001.04.03"]
[Round "6"]
[White "Hubble"]
[Black "daphatmon"]
[WhiteElo "1625"]
[BlackElo "1615"]
[PlyCount "35"]
[Result "1-0"]

1.e4 e5 2.Nf3 d6 3.Bc4 h6 4.d4 exd4 5.Nxd4 Bd7 
6.O-O Nc6 7.Nc3 Nge7 8.f4 a6 9.f5 Ne5 10.Bb3 h5 
11.Bf4 N7c6 12.Nxc6 Bxc6 13.Qd4 Qf6 14.Rad1 b6 
15.Nd5 Bxd5 16.Bxd5 Ra7 17.Bxe5 Qxe5 
18.Qxe5+ 1-0

[Event "HCL-B173"]
[Site "www.playchess.de"]
[Date "2001.04.03"]
[Round "1"]
[White "ggaarrii"]
[Black "Erik"]
[WhiteElo "1308"]
[BlackElo "1457"]
[PlyCount "129"]
[Result "1-0"]

1.e4 Nc6 2.Nf3 e5 3.Bc4 f6 4.d4 exd4 5.Nxd4 Nxd4 
6.Qxd4 Qe7 7.Bf4 d6 8.O-O Be6 9.Nc3 c5 10.Bb5+ Kf7 
11.Qe3 a6 12.Be2 b5 13.Bh5+ g6 14.Bf3 Rc8 15.Rfe1 
h5 16.Rad1 Bh6 17.Bxh6 Nxh6 18.Qf4 Rcd8 19.Nd5 
Bxd5 20.Rxd5 Kg7 21.Red1 Nf7 22.g4 g5 23.Qg3 h4 
24.Qg2 Ne5 25.h3 Rd7 26.Be2 Ng6 27.Qf3 Nf4 28.c4 
Nxd5 29.Rxd5 b4 30.Qf5 Rhd8 31.Bd3 Rb7 32.e5 fxe5 
33.Qh7+ Kf8 34.Qh8+ Kf7 35.Qh5+ Kg8 36.Bf5 Qg7 
37.f4 gxf4 38.Qxh4 Qe7 39.Qh5 Qf6 40.Kf2 Kg7 
41.Qh7+ Kf8 42.Qxb7 Qh4+ 43.Ke2 f3+ 44.Kxf3 Qxh3+ 
45.Ke2 Qg2+ 46.Kd1 Qxb2 47.Qxa6 {sorry, if we draw 
we are both out of the A league, so we have to 
fight for survival,right?}  Qa1+ {Agreed. (But as 
far as I know, we're in B league ;-)}  48.Ke2 
{yap,you're right! B league it is! I am glad that 
you understood me anyway!}  Qb2+ {Sorry, I 
couldn't notify individually; but I left a message 
in the Vacancy Forum here.}  49.Rd2 {Doesn't 
metter! I am not winning the tourney so i'm not in 
hurry :)}  Qa3 {But I will go to C league, I 
fear.}  50.Qb6 {But i think you'll be back in B at 
once! I am in A now (and i hope to stay there)}  
Qa8 {Hey, congratulations! (It suppose that would 
be a long way for me...)}  51.Kf2 {You can go to C 
league (play fast-rabbit tourn. of 5 players) and 
kick their asses!}  Qb8 {I meant it is a long way 
for me to A league, hehe.}  52.Qxb8 {It's not that 
hard.I am sure you play much better then those i 
have beaten through my way to A leagu}  Rxb8 {I 
have another B tour running; maybe I can win 
that...}  53.Rxd6 Re8 54.Ke3 {i'll check it out!}  
Re7 55.Ke4 Kf7 56.Re6 Rxe6 57.Bxe6+ Kxe6 58.g5 Kf7 
59.Kxe5 Kg6 60.Kd5 Kxg5 61.Kxc5 Kf5 62.Kxb4 Ke6 
{That doesn't look very good... :-)}  63.Kb5 {Not 
at all :)}  Kd6 {So it's my way to C league...}  
64.Kb6 {Don't 1 fast (5+1) tourn. and you're back! 
I am sure!}  Kd7 {I hope so! (Next move I'll 
resign, I just wanted you to get this message.)}  
65.Kb7 {Thanks for the game! Good luck! Hope 
playing you again soon}  1-0

[Event "HCL-C177"]
[Site "www.playchess.de"]
[Date "2001.04.03"]
[Round "14"]
[White "Cosmo"]
[Black "German04"]
[WhiteElo "1072"]
[BlackElo "1220"]
[PlyCount "82"]
[Result "0-1"]

1.d4 d5 2.c4 e6 3.e3 Nf6 4.Nc3 Bb4 5.Bd2 O-O 6.Nf3 
Nc6 7.Bd3 Re8 8.O-O dxc4 9.Bxc4 a5 10.Qc2 e5 
11.dxe5 Nxe5 12.Nxe5 Rxe5 13.Rad1 Bf5 14.Qb3 Qe7 
15.Ne2 c5 16.Bxb4 cxb4 17.Nd4 Bg4 18.Rd2 Ne4 
19.Rc2 Nc5 20.Bxf7+ Kh8 21.Qc4 Rf8 22.Bd5 Rg5 
23.Qxc5 Qxc5 24.Rxc5 b6 25.Rc6 Rxd5 26.Rxb6 Re8 
27.Rc1 Rg5 28.Rc7 Bh3 29.g3 h6 30.Ra6 Rc8 31.Rxc8+ 
Bxc8 32.Ra8 Rc5 33.Nb3 Rc7 34.Nxa5 Kh7 35.Rb8 Bh3 
36.Nb3 Rc2 37.f4 Rxb2 38.Rc8 Rxa2 39.e4 Rg2+ 
40.Kh1 Rb2 41.Nc1 Bxc8 0-1

[Event "HCL-C180"]
[Site "www.playchess.de"]
[Date "2001.04.03"]
[Round "9"]
[White "Carlosesandra"]
[Black "Fiver"]
[WhiteElo "1000"]
[BlackElo "1005"]
[PlyCount "78"]
[Result "0-1"]

1.e4 c5 {Hello}  2.Nf3 Nc6 3.Bb5 d5 4.e5 e6 
5.Bxc6+ bxc6 6.d4 cxd4 7.Qxd4 c5 8.Qd1 g6 9.b3 Bg7 
10.O-O Ne7 11.Ba3 Qb6 12.Nc3 Bd7 13.Rb1 Qa5 14.Na4 
Rc8 15.Bxc5 Bxa4 16.Bxe7 Kxe7 17.bxa4 Qxa4 18.Rb7+ 
Ke8 19.Qb1 Rf8 20.Ng5 Bxe5 21.Nxh7 Rh8 22.Ng5 
Bxh2+ 23.Kh1 Qxc2 24.Qxc2 Rxc2 25.Rxa7 Bb8+ 26.Kg1 
Bxa7 27.Nh3 Ke7 28.a4 Rhc8 29.g3 R2c1 30.Rxc1 
Rxc1+ 31.Kg2 d4 32.Nf4 e5 33.Nd3 Ra1 34.Nxe5 Rxa4 
35.Kf3 Ke6 36.Nd3 Kd5 37.Nf4+ Kc4 38.Ke4 Ra2 
39.Nd3 Re2+ 0-1

[Event "HCL-C183"]
[Site "www.playchess.de"]
[Date "2001.04.03"]
[Round "2"]
[White "kooldown"]
[Black "sonnyspock"]
[WhiteElo "1301"]
[BlackElo "1139"]
[PlyCount "35"]
[Result "1-0"]

1.e4 e6 2.d4 d5 3.Nc3 dxe4 4.Nxe4 Qd5 5.Bd3 Nf6 
6.Nf3 Nxe4 7.O-O Nf6 8.Bf4 Bd6 9.Qd2 Ne4 10.Bxe4 
Qb5 11.b3 Nc6 12.c4 Qb4 13.Qd3 Bxf4 14.Bxc6+ bxc6 
15.Qe4 Qd6 16.c5 Bxh2+ 17.Nxh2 Ba6 
18.cxd6 1-0

[Event "HCL-B177"]
[Site "www.playchess.de"]
[Date "2001.04.03"]
[Round "7"]
[White "Pawz68"]
[Black "victor"]
[WhiteElo "1200"]
[BlackElo "1545"]
[PlyCount "79"]
[Result "1-0"]

1.d4 {good luck. first tournament for me!}  e6 
{Live long and prosper!}  2.e3 d5 3.Bd3 c5 4.c3 
Qb6 5.f4 Nc6 6.Nf3 Nge7 7.O-O Bd7 8.Ne5 Nxe5 
9.fxe5 Bb5 10.Bxb5+ Qxb5 11.a4 Qc6 12.Qf3 Nf5 
13.g4 Nh4 14.Qxf7+ Kd8 15.Qh5 Be7 16.Na3 Kb8 
17.Nb5 Ng6 18.Nd6 Bxd6 19.exd6 Qxd6 20.Bd2 cxd4 
21.exd4 Qe7 22.Rae1 Rce8 23.Bf4+ Nxf4 24.Rxf4 Qd6 
25.Rf7 g6 26.Qh6 Re7 27.Qg7 Rxf7 28.Qxf7 Qc7 
29.Qxe6 a6 30.Qxd5 Rd8 31.Qe5 Qxe5 32.Rxe5 Rd7 
33.b4 Kc7 34.b5 axb5 35.Rc5+ Kb8 36.axb5 Rc7 
37.Rxc7 Kxc7 38.Kf2 Kd6 39.c4 b6 
40.Kf3 1-0